000 01177nam a2200229Ia 4500
001 10255
003 GE_BSU
008 181216s||||||||xx |||||||||||||| ||und||
040 _cGE_BSU
080 _a821.353.1–4
100 _aსანადირაძე,გიორგი
245 _aგზა,რომელზედაც ბობოქრობდნენ საუკუნენი
245 _bმოგზაურობა–ნარკვევი;ეძღვნება გეორგიევსკის ტრაქტატის 200 წლისთავს
245 _cრედ.ე.მესხი.მხატვ.რ.მაჭარაშვილი
260 _aთბილისი
260 _bსაბჭოთა საქართველო
260 _c1983
300 _a167გვ.16სმ.
653 _aგზა,რომელზედაც ბობოქრობდნენ საუკუნენი
653 _aმოგზაურობა–ნარკვევი;ეძღვნება გეორგიევსკის ტრაქტატის 200 წლისთავს
942 _cBK
999 _c43524
_d43524